| 000 | 00675cam a22001931 4500 | ||
|---|---|---|---|
| 001 | 000012829 | ||
| 005 | 20200929163101.0 | ||
| 008 | 750702s1953 xx 000 0 spa | ||
| 010 | _a54020020 | ||
| 035 | _a(OCoLC)1427565 | ||
| 040 |
_aDO-SdBNP _bspa _cBNPHU |
||
| 082 |
_a341.488 _bP699a |
||
| 100 | 2 |
_aPlanas Suárez, Simón, _d1879-1967 _929672 |
|
| 245 | 1 | 3 |
_aEl asilo diplomatico : _bestudio juridico y politico sobre este execrable uso latinoamericano destructor de la soberania nacional y de la cordialidad internacional / _cSimón Planas Suárez. |
| 260 |
_aBuenos Aires, _c1953. |
||
| 300 |
_a687 p. ; _c24 cm. |
||
| 650 | 0 |
_aDerecho de asilo _929673 |
|
| 910 | _aDC | ||
| 999 |
_c12478 _d12478 |
||